REVOLUTION CUBAINE/

CONTENIDO: V.1 TEXTES CHOISIS 1953-1962.-- V.2 TEXTES CHOISIS 1962-1968

保存先:
書誌詳細
第一著者: Castro Ruz, Fidel (autor)
フォーマット: 図書
主題:
タグ: タグ追加
タグなし, このレコードへの初めてのタグを付けませんか!

MARC

LEADER 00000nam^a2200000^a^4500
001 000224627
005 20250521000000.0
009 20260310104055.65
035 |a 043281 
037 |a Acervo Xavier Clavigero 
082 |a 972. 91064  |b CAS V. 
100 |a Castro Ruz, Fidel  |e (autor) 
245 1 0 |a REVOLUTION CUBAINE/  |c FIDEL CASTRO 
264 |a PARIS :  |b FRANCOIS MASPERO,  |c 1968 
300 |a 2 V. 2ej. 
336 |a texto  |b txt  |2 rdacontenido 
337 |a sin mediación  |b n  |2 rdamedio 
338 |a volumen  |b nc  |2 rdasoporte 
520 |a CONTENIDO: V.1 TEXTES CHOISIS 1953-1962.-- V.2 TEXTES CHOISIS 1962-1968 
520 |a INCLUYE BIBLIOGRAFIA 
649 |a XX 
650 |a Cuba -  |x Historia -  |y 1953-1959 
650 |a Cuba -  |x Historia -  |y 1959-2006 
910 |a Fondo General 
920 |a Impresos - Libros 
930 |a Colección General 
905 |a 101 
901 |a 043281  |b IT1  |c ACC  |i 043281  |u 20250521 
901 |a 043357  |b IT1  |c ACC  |i 043357  |u 20250521 
902 |a https://opac.biblio.iteso.mx/vufind/Record/000224627